[Event "TCh-SLO"]
[Site "Bled SLO"]
[Date "2001.10.21"]
[Round "4"]
[White "Cebalo,M"]
[Black "Mikac,M"]
[Result "1-0"]
[WhiteElo "2492"]
[BlackElo "2408"]

1.d4 Nf6 2.c4 e6 3.Nf3 b6 4.a3 Ba6 5.Qc2 c5 6.d5 exd5 7.cxd5 g6 8.Nc3 Bg7
9.g3 O-O 10.Bg2 d6 11.O-O Re8 12.Re1 Nbd7 13.Bf4 Qe7 14.Qa4 Bb7 15.Nb5 Ne5
16.Nxe5 dxe5 17.d6 Qd7 18.Bxb7 Qxb7 19.Bg5 Rf8 20.Rad1 h6 21.Bxf6 Bxf6 22.e4 a6
23.Nc7 Rab8 24.Nd5 Bd8 25.f4 f6 26.fxe5 fxe5 27.Rf1 b5 28.Qb3 c4 29.Rxf8+ Kxf8
30.Qf3+ Ke8 31.d7+ Kxd7 32.Qf7+ Kc6 33.Qe6+ Kc5 34.Nb4  1-0

[Event "Chigorin Mem Open"]
[Site "St Petersburg RUS"]
[Date "2001.10.27"]
[Round "2"]
[White "Pliasunov,A"]
[Black "Ionov,S"]
[Result "0-1"]
[WhiteElo "2334"]
[BlackElo "2544"]

1.d4 Nf6 2.c4 e6 3.Nf3 b6 4.a3 Ba6 5.Qc2 Bb7 6.Nc3 c5 7.e4 cxd4 8.Nxd4 Bc5
9.Nb3 Nc6 10.Bf4 O-O 11.O-O-O e5 12.Bg5 Nd4 13.Nxd4 Bxd4 14.Bd3 Bxc3 15.bxc3 h6
16.Bh4 Qe7 17.Kb2 Rac8 18.f4 Rc5 19.f5 Rfc8 20.Qa4 Bc6 21.Qb4 d6 22.Rhe1 Bb7
23.Bf2 R5c7 24.Qa4 Bc6 25.Qb4 Bxe4  0-1

[Event "Chigorin Mem Open"]
[Site "St Petersburg RUS"]
[Date "2001.10.28"]
[Round "3"]
[White "Kryschilovskij,A"]
[Black "Guseynou,R"]
[Result "1/2-1/2"]
[WhiteElo "2384"]
[BlackElo "2238"]

1.d4 Nf6 2.c4 e6 3.Nf3 b6 4.a3 Bb7 5.Nc3 d5 6.cxd5 exd5 7.Bf4 Bd6 8.Bg3 O-O
9.e3 Ne4 10.Bd3 Nd7 11.Bh4 Be7 12.Bxe7 Qxe7 13.Rc1 c6 14.O-O a5 15.Qb3 b5
16.a4 b4 17.Ne2 Rfe8 18.Qd1 g6 19.Ng3 Kg7 20.Re1 h5 21.Nf1 h4 22.h3 f5 23.Rc2 Qf6
24.N3d2 Ng5 25.Nh2 Re7 26.Nb3 Ba6 27.Bxa6 Rxa6 28.Qd3 Ra7 29.Rec1 Re6 30.f4 Ne4
31.Nf3 g5 32.Ne5 Nb8 33.Nc5 Nxc5 34.Rxc5 gxf4 35.Rf1 Nd7 36.Nxd7 Rxd7 37.Rxf4 Re4
38.Rxe4 dxe4 39.Qc4 f4 40.Rxc6 Qg5 41.Rc7 Qe7 42.Rc8 Rd8 43.Qc7 Qxc7 44.Rxc7+ Kf6
45.Kf2 fxe3+ 46.Kxe3 Rg8 47.Rc6+ Kf5 48.Rc5+ Ke6 49.Rxa5 Rxg2 50.Rb5 Rxb2
51.Kxe4 Rb3 52.Rb6+ Kd7 53.Kd5 Kc7 54.Rb5 Rxh3 55.Rxb4 Rg3 56.Rb1 h3 57.Rc1+ Kd7
58.Kc5 h2 59.Rh1 Rg2 60.a5 Rc2+ 61.Kd5 Ra2 62.a6 Rxa6 63.Rxh2 Ra5+ 64.Ke4 Rg5
65.Rh6 Ra5 66.d5 Ra1  1/2-1/2

[Event "Chigorin Mem Open"]
[Site "St Petersburg RUS"]
[Date "2001.10.29"]
[Round "4"]
[White "Lysyj,I"]
[Black "Grigoriants,S RUS"]
[Result "1/2-1/2"]
[WhiteElo "2314"]
[BlackElo "2441"]

1.d4 Nf6 2.Nf3 e6 3.c4 b6 4.a3 Ba6 5.Qc2 Bb7 6.Nc3 c5 7.dxc5 Bxc5 8.b4 Be7
9.e3 a5 10.bxa5 bxa5 11.Be2 Na6 12.O-O Nc5 13.Bb2 a4 14.Rad1 O-O 15.Nb5 Be4
16.Qc3 Qa5 17.Ne5 Qxc3 18.Bxc3 Ra6 19.Bb4 Rd8 20.f3 Bc2 21.Rd2 Bb3 22.Nd4 Rc8
23.Rb2 Kf8 24.Kf2 Ke8 25.Bxc5 Bxc5 26.Nxb3 axb3 27.Rxb3 Rxa3 28.Rxa3 Bxa3
29.Ng4 Nxg4+ 30.fxg4 Rb8 31.Rd1 Bc5 32.Kf3 h6 33.Rd2 Ke7 34.Rd1 Rb2 35.Bd3 Rb3
36.Rd2 Kf6 37.Rd1 Kg5 38.Rd2 Ra3 39.Rd1 Ba7 40.Rd2 Kf6 41.Rd1 Ke7 42.Ke2 Ra5
43.Kf3 Re5 44.Re1 Kd6 45.Re2 Bc5 46.Re1 Bb4 47.Rd1 Bc5 48.Re1 Bb6 49.Re2 Bd8
50.Re1 Bg5 51.g3 Kc7 52.Re2 Be7 53.Re1 Bc5 54.Be4 Bb6 55.Bd3 Ra5 56.Rd1 Ra3
57.Ke2 Ba5 58.Kf3 Ra2 59.h4 Bb6 60.Be2 Ra3 61.Rd3 Ra5 62.Rb3 Ra1 63.Rd3 Bc5
64.Rd1 Ra2 65.Bd3 Kd8 66.Be2 Ke7 67.Bd3 Ra3 68.Rd2 Kf6 69.Rd1 Ke5 70.Rd2 Kd6
71.Be2+ Kc7 72.Rd3 Ra2 73.Rd1 Bd6 74.Bd3 Be5 75.Bf1 Ra3 76.Be2 Rb3 77.Bd3 Rb2
78.Bf1 Kc6 79.Bd3 Kc5 80.Bf1 d6 81.Bd3 Rb3 82.Be2 Kb4 83.Bf1 Rb2 84.Bd3 Kc3
85.Bf1 Kc2 86.Re1 Rb3 87.Be2 Ra3 88.Rd1 Ra5 89.Kf2 Ra7 90.Kf3 Rb7 91.Kf2 Rb3
92.Re1 Rb6 93.Rd1 Bc3 94.Kf3 Be5 95.Kf2 Rb3 96.Re1 Ra3 97.Rd1 Ra1 98.Rxa1 Bxa1
99.Kf3 Kd2 100.e4 Be5 101.Bf1 g5 102.hxg5 hxg5 103.Bg2 Ke1 104.Bh3 Bd4 105.Bg2 Kd2
106.Bf1 Be5 107.Bg2 Kd3 108.Bf1+ Kd4 109.Be2 Kc3  1/2-1/2

[Event "Chigorin Mem Open"]
[Site "St Petersburg RUS"]
[Date "2001.10.29"]
[Round "4"]
[White "Pliasunov,A"]
[Black "Korotylev,A"]
[Result "1/2-1/2"]
[WhiteElo "2334"]
[BlackElo "2577"]

1.d4 Nf6 2.c4 e6 3.Nf3 b6 4.a3 c5 5.d5 Ba6 6.Qc2 exd5 7.cxd5 g6 8.Nc3 Bg7
9.g4 O-O 10.g5 Nh5 11.Ne4 Bb7 12.Qc4 Qe7 13.Ng3 b5 14.Qh4 Bxd5 15.Nxh5 gxh5
16.Qxh5 Bxf3 17.Qxf3 Nc6 18.Qe3 Qxe3 19.fxe3 Na5 20.Bg2 Rae8 21.Bd5 c4 22.Bd2 Nb3
23.Rb1 Re5 24.e4 Nxd2 25.Kxd2 Rxg5 26.Rhg1 Rxg1 27.Rxg1 Kh8 28.Kc2 Be5 29.h3 h6
30.a4 bxa4 31.Bxc4 Rc8 32.b3 a3 33.Kb1 Rg8 34.Rxg8+ Kxg8 35.Bb5 d6 36.Ka2 Bb2
37.Bd7 Kg7 38.e5 dxe5 39.e4 Kf6 40.Bf5 Kg5 41.Bh7 a5 42.Bf5 Kf4 43.Bh7  1/2-1/2

[Event "Chigorin Mem Open"]
[Site "St Petersburg RUS"]
[Date "2001.10.29"]
[Round "4"]
[White "Tunik,G"]
[Black "Ionov,S"]
[Result "0-1"]
[WhiteElo "2460"]
[BlackElo "2544"]

1.d4 Nf6 2.c4 e6 3.Nf3 b6 4.a3 c5 5.d5 Ba6 6.Qc2 exd5 7.cxd5 g6 8.Nc3 Bg7
9.g3 O-O 10.Bg2 d6 11.O-O Re8 12.Re1 b5 13.e4 Nbd7 14.h3 Qc8 15.Bd2 b4 16.Nd1 b3
17.Qb1 c4 18.Nc3 Nc5 19.e5 Nfd7 20.e6 fxe6 21.Ng5 Nf6 22.Nxe6 Nxe6 23.Rxe6 Rxe6
24.dxe6 Bb7 25.Qf1 Rb8 26.Re1 Bxg2 27.Qxg2 Qb7 28.Qf1 Qc6 29.Qe2 Re8 30.e7 d5
31.Qf3 Ne4 32.Nxe4 dxe4 33.Qxe4 Qxe4 34.Rxe4 Bxb2 35.Rxc4 Bxa3 36.Rc7 Bb4
37.Bc3 a5  0-1

[Event "ch-NR"]
[Site "Novosibirsk RUS"]
[Date "2001.11.20"]
[Round "8"]
[White "Bocharov,D"]
[Black "Maletin,P"]
[Result "1-0"]
[WhiteElo "2425"]
[BlackElo "2296"]

1.d4 Nf6 2.Nf3 e6 3.c4 b6 4.a3 Ba6 5.Qc2 Bb7 6.Nc3 c5 7.e4 cxd4 8.Nxd4 Bc5
9.Nb3 Nc6 10.Bg5 h6 11.Bh4 Nd4 12.Nxd4 Bxd4 13.Bd3 O-O 14.Ne2 Bc5 15.e5 g5
16.Bg3 Nh5 17.Be4 Bxe4 18.Qxe4 f5 19.exf6 Qxf6 20.O-O-O Qf5 21.Nc3 Nf6 22.Qxf5 exf5
23.f3 Rac8 24.Kc2 f4 25.Be1 Be3 26.Kb3 Rc5 27.Nd5 Nxd5 28.Rxd5 Rfc8 29.h4 Rxc4
30.Bc3 R4c5 31.Rxd7 h5 32.Rhd1 R8c7 33.Rxc7 Rxc7 34.hxg5 Rc6 35.Rd7 Rg6 36.Bf6 Bf2
37.Kc4 Bh4 38.Rd5 Kf7 39.Kd3 Rg8 40.Ke4 Kg6  1-0

[Event "Friendship GM"]
[Site "Prerove CZE"]
[Date "2001.12.07"]
[Round "4"]
[White "Vokac,M"]
[Black "Cvek,R"]
[Result "1/2-1/2"]
[WhiteElo "2529"]
[BlackElo "2418"]

1.d4 Nf6 2.c4 e6 3.Nf3 b6 4.a3 Ba6 5.Qa4 Bb7 6.Nc3 Be7 7.Bg5 O-O 8.e3 Ne4
9.Bxe7 Qxe7 10.Nxe4 Bxe4 11.Be2 c5 12.O-O cxd4 13.Nxd4 Nc6 14.Bf3 Bxf3 15.Nxf3 a6
16.Rfd1 Rfb8 17.Rac1 b5 18.cxb5 axb5 19.Qf4 h6 20.Ne5 Nxe5 21.Qxe5 b4 22.a4 b3
23.g3 Qe8 24.Rd4 Rc8 25.Rdc4 Rxc4 26.Rxc4 d5 27.Rb4 Kh7 28.Qd4 g6 29.h4 h5
30.Qe5 Qc6 31.Rxb3 Qxa4 32.Rb7 Kg8 33.Rb8+ Rxb8 34.Qxb8+ Kg7 35.b4 Qa1+ 36.Kg2 Qb1
37.b5 Qe4+ 38.Kg1 e5 39.b6 d4 40.exd4 exd4 41.Qc7 d3 42.b7 d2 43.Qc3+ Kh7
44.Qxd2  1/2-1/2

[Event "Rudenko mem w"]
[Site "St Petersburg RUS"]
[Date "2001.12.10"]
[Round "3"]
[White "Romanova,I"]
[Black "Rakitskaja,M"]
[Result "0-1"]
[WhiteElo "2308"]
[BlackElo "2154"]

1.d4 Nf6 2.c4 e6 3.Nf3 b6 4.a3 Bb7 5.Nc3 d5 6.cxd5 exd5 7.g3 Be7 8.Bg2 O-O
9.O-O Na6 10.Ne5 c6 11.Be3 Qc8 12.Rc1 Qe6 13.f4 Bd6 14.Bf2 Bxe5 15.fxe5 Ng4
16.e4 Nc7 17.Bf3 Nxf2 18.Rxf2 Qe7 19.Qd2 Rad8 20.Bg2 dxe4 21.Nxe4 Nb5 22.Nf6+ Kh8
23.Qg5 Nxd4 24.Be4 h6 25.Qh5 c5 26.Bxb7 Qxb7 27.Rcf1 Ne6 28.Ng4 Kg8 29.Qf5 Ng5
30.Ne3 Qd7 31.Qxd7 Rxd7 32.Nc4 Nh3+  0-1

[Event "Rudenko mem w"]
[Site "St Petersburg RUS"]
[Date "2001.12.14"]
[Round "7"]
[White "Romanova,I"]
[Black "Epstein,A"]
[Result "1/2-1/2"]
[WhiteElo "2308"]
[BlackElo "2102"]

1.d4 Nf6 2.Nf3 e6 3.c4 b6 4.a3 Bb7 5.Nc3 Ne4 6.Nxe4 Bxe4 7.d5 Bxf3 8.exf3 e5
9.Bd3 g6 10.O-O Bg7 11.f4 O-O 12.fxe5 Bxe5 13.f4 Bg7 14.f5 d6 15.Qg4 Nd7
16.fxg6 fxg6 17.Bg5 Bf6 18.Bh6 Bg7 19.Bg5 Bf6 20.Bh6 Bg7 21.Rxf8+ Nxf8 22.Bxg7 Kxg7
23.Rf1 Nd7 24.Bf5 Ne5 25.Qg3 Qe7 26.Be6 Rf8 27.Rxf8 Qxf8 28.Qe3 Qf6 29.b3 a5
30.a4 Qh4 31.h3 Qf6 32.Kh2 Qf1 33.Qg5 Qf2 34.Qe7+ Kh6 35.Bg4 Qf4+ 36.Kh1 Qf1+
37.Kh2 Qf4+ 38.Kh1 Qf1+  1/2-1/2

[Event "Winter Cup"]
[Site "Bucharest ROM"]
[Date "2001.12.16"]
[Round "6"]
[White "Oancea,N"]
[Black "Sebe,F"]
[Result "1/2-1/2"]
[WhiteElo "2158"]
[BlackElo "2278"]

1.d4 Nf6 2.c4 e6 3.Nf3 b6 4.a3 Ba6 5.Nbd2 c5 6.dxc5 Bxc5 7.e3 O-O 8.b4 Be7
9.Bb2 d6 10.Be2 Nbd7 11.O-O Bb7 12.Rc1 Rc8 13.Qc2 Qc7 14.Rfd1 Qb8 15.Qb1 Rfe8
16.Bd3 Qa8 17.Ne1 Bf8 18.Be2 e5 19.Qf5 g6 20.Qg5 Bg7 21.Qg3 Qb8 22.Ba1 e4
23.Nb3 Ne5 24.Nd4 a6 25.h3 Qc7 26.Rc2 Qe7 27.Rdc1 Nfd7 28.Nb3 Rc7 29.Bd4 Rec8
30.Kh1 Qe6 31.Nd2 h5 32.f4 exf3 33.Nexf3 Bxf3 34.Nxf3 Nxf3 35.Qxf3 Ne5 36.Qf1 b5
37.c5 dxc5 38.bxc5 Nc6 39.Bxg7 Kxg7 40.a4 bxa4 41.Bxa6 Rb8 42.Rc3 Nb4 43.Bc4 Qe7
44.Qf4 Rd8 45.Rf1 Rxc5 46.Ra3 Rf5 47.Qg3 Rxf1+ 48.Bxf1 Qf6 49.Be2 Nd5 50.Bxh5 Nb6
51.e4 Rh8 52.Be2 Rh4 53.Bg4 Rh8 54.e5 Qg5 55.Kh2 Re8 56.e6 Re7 57.exf7 Rxf7
58.Qc3+ Qf6 59.Qxf6+ Kxf6 60.Bd1 Ra7 61.g4 Ke5 62.Kg3 Kd4 63.h4 Kc4 64.Bc2 Kb4
65.Ra1 a3 66.Bxg6 Nd5 67.Bf5 Nc3 68.g5 Kb3 69.g6 Kb2 70.Rxa3 Kxa3 71.h5 Nd5
72.h6 Ne7 73.Kf4 Nxg6+ 74.Bxg6 Ra8  1/2-1/2

[Event "London Open"]
[Site "London ENG"]
[Date "2001.12.16"]
[Round "5"]
[White "Sowray,P"]
[Black "Khoo,T"]
[Result "1-0"]
[WhiteElo "2310"]
[BlackElo "2143"]

1.d4 Nf6 2.Nf3 e6 3.c4 b6 4.a3 Bb7 5.Nc3 c5 6.d5 exd5 7.cxd5 d6 8.e4 Nbd7
9.Be2 Be7 10.O-O O-O 11.Nd2 Ne8 12.Nc4 Nc7 13.Bf4 Nf6 14.b4 Re8 15.Re1 Ba6
16.Rb1 Bf8 17.Bf1 Bc8 18.h3 h6 19.bxc5 bxc5 20.Qd2 Nh5 21.Bh2 Be7 22.g4 Nf6
23.e5 Nh7 24.exd6 Bg5 25.dxc7  1-0

[Event "10th Open"]
[Site "Aschach AUT"]
[Date "2001.12.27"]
[Round "2"]
[White "Knechtl,R"]
[Black "Schneider Zinner,H"]
[Result "1-0"]
[WhiteElo "2171"]
[BlackElo "2349"]

1.d4 e6 2.c4 Nf6 3.Nf3 b6 4.a3 Bb7 5.Nc3 d5 6.Bg5 Be7 7.e3 O-O 8.b4 a5 9.b5 Nbd7
10.Be2 dxc4 11.Bxc4 c5 12.bxc6 Bxc6 13.O-O Bxf3 14.Qxf3 Rc8 15.Qe2 Qc7 16.Bb5 h6
17.Bxf6 Nxf6 18.Rfc1 Nd5 19.Na2 Qd6 20.a4 e5 21.dxe5 Qxe5 22.g3 Bc5 23.Re1 h5
24.Bc4 Nf6 25.Rac1 h4 26.Rc2 hxg3 27.hxg3 Ne4 28.Kg2 Bd6 29.Rh1 Nxg3 30.fxg3 Qxg3+
31.Kf1 Rc5 32.Bd3 g6 33.Qf2 Qe5 34.Qh4 Qg7 35.Rxc5 Bxc5 36.Nc3 Re8 37.Nd5 Re6
38.Kf2 Bf8 39.Kf3 Bc5 40.e4 Bf8 41.e5 g5 42.Qh2 Rxe5 43.Bh7+ Kh8 44.Bf5+  1-0

[Event "TCh-CZE 2001-2"]
[Site "CZE"]
[Date "2002.01.13"]
[Round "7"]
[White "Vokac,M"]
[Black "Hracek,Z"]
[Result "1-0"]
[WhiteElo "2505"]
[BlackElo "2586"]

1.d4 Nf6 2.c4 e6 3.Nf3 b6 4.a3 Bb7 5.Nc3 d5 6.cxd5 exd5 7.Bg5 Be7 8.e3 Nbd7
9.Be2 O-O 10.O-O c5 11.Rc1 a6 12.Qc2 Re8 13.dxc5 bxc5 14.Rfd1 Qb8 15.Qf5 Qa7
16.Bd3 Rad8 17.b4 cxb4 18.axb4 Bxb4 19.Ne2 Qb6 20.Ned4 Rc8 21.Rb1 Qd6 22.Qh3 g6
23.Nf5 gxf5 24.Nd4 Ne4 25.Bf4 Qc5 26.Nxf5 Rc6 27.Qg4+ Rg6 28.Nh6+ Kh8 29.Qxd7 Bc6
30.Qxf7 Qf8 31.Be5+ Rxe5 32.Qxf8+ Bxf8 33.Nf7+  1-0

[Event "OSS GM"]
[Site "Oslo NOR"]
[Date "2002.01.18"]
[Round "8"]
[White "Johannessen,LE"]
[Black "Kogan,A"]
[Result "1-0"]
[WhiteElo "2427"]
[BlackElo "2568"]

1.Nf3 Nf6 2.c4 e6 3.d4 b6 4.a3 Ba6 5.Qc2 Bb7 6.Nc3 c5 7.dxc5 bxc5 8.Bf4 d6
9.e3 Be7 10.Be2 O-O 11.h3 Nbd7 12.O-O a6 13.Rfd1 Qc7 14.Rd2 Rfd8 15.Rad1 Nf8
16.Ng5 Ng6 17.Bg3 Ne8 18.h4 Bxg5 19.hxg5 Qe7 20.Ne4 e5 21.Bd3 Nc7 22.f4 exf4
23.exf4 Ne6 24.Re1 Qc7 25.Rf2 Nd4 26.Qc3 Re8 27.f5 Ne5 28.Bb1 Bc8 29.f6 g6
30.Bf4 Bf5 31.b4 Qc6 32.Rff1 Ng4 33.Qg3 cxb4 34.Nxd6 Ne2+ 35.Rxe2 Rxe2 36.Nxf5 gxf5
37.axb4 Qb6+ 38.Kh1 Nf2+ 39.Kh2 Ng4+ 40.Kh1 Qe6 41.Bd3 Rb2 42.c5 Rb3 43.Bxf5 Qc4
44.Qe1 Ne3 45.Bxe3 Rxe3 46.Qf2 Rae8 47.c6 Re2 48.Qg3 R2e5 49.Bd3 Qxc6 50.Qh4 h5
51.Qxh5 Re4 52.Qh6 Rh4+ 53.Qxh4 Qxg2+ 54.Kxg2  1-0

[Event "90th LSK Metalka Trgovina"]
[Site "Ljubljana SLO"]
[Date "2002.01.20"]
[Round "2"]
[White "Soln,P"]
[Black "Polajzer,D"]
[Result "1-0"]
[WhiteElo "2412"]
[BlackElo "2421"]

1.d4 Nf6 2.c4 e6 3.Nf3 b6 4.a3 Ba6 5.Qc2 Bb7 6.Nc3 c5 7.e4 cxd4 8.Nxd4 Bc5
9.Nb3 Nc6 10.Bf4 O-O 11.O-O-O e5 12.Bg5 Nd4 13.Nxd4 Bxd4 14.Nd5 Bxd5 15.exd5 b5
16.Rxd4 exd4 17.c5 h6 18.Bh4 Qa5 19.Bxf6 gxf6 20.Qd2 Qxd2+ 21.Kxd2 a6 22.Be2 Rfe8
23.Bg4 Ra7 24.Kd3 Kg7 25.Kxd4 Kg6 26.d6 f5 27.Bf3 Kf6 28.c6 dxc6 29.Bxc6 Re2
30.Kc5 Ke6 31.Bd5+ Kf6 32.Kb6 Rd7 33.Kc6 Rd8 34.Kc7 Rg8 35.Rd1 Ree8 36.Bb7 a5
37.d7 Re7 38.Rd6+ Kg7 39.Rd5  1-0

[Event "Kaissa Open"]
[Site "Kharkov UKR"]
[Date "2002.01.24"]
[Round "3"]
[White "Kononenko,T"]
[Black "Andreev,Ed"]
[Result "1/2-1/2"]
[WhiteElo "2371"]
[BlackElo "2441"]

1.d4 Nf6 2.c4 e6 3.Nf3 b6 4.a3 Ba6 5.Qc2 Bb7 6.Nc3 c5 7.e4 cxd4 8.Nxd4 Nc6
9.Nxc6 Bxc6 10.Qe2 e5 11.Nd5 d6 12.g3 Be7 13.Bg2 O-O 14.O-O Nxd5 15.exd5 Bd7
16.Be3 Bg5 17.f4 exf4 18.Bxf4 Bxf4 19.Rxf4 f5 20.Qd2 Qf6 21.Re1 Rfe8 22.Rff1 Rac8
23.Rxe8+ Rxe8 24.b4 Rc8 25.Rc1 g6 26.Qf2 Kg7 27.Qd2 g5 28.Qf2 h6 29.Bf1 Qe5  1/2-1/2

[Event "90th LSK Metalka Trgovina"]
[Site "Ljubljana SLO"]
[Date "2002.01.27"]
[Round "8"]
[White "Soln,P"]
[Black "Podlesnik,B"]
[Result "1-0"]
[WhiteElo "2412"]
[BlackElo "2397"]

1.d4 Nf6 2.c4 e6 3.Nf3 b6 4.a3 Bb7 5.Nc3 g6 6.Qc2 Bg7 7.e4 d6 8.Bg5 h6 9.Be3 Nbd7
10.h3 O-O 11.Be2 c5 12.d5 exd5 13.cxd5 a6 14.a4 Re8 15.O-O Qc7 16.Nd2 Re7
17.Rad1 Rae8 18.Rfe1 g5 19.Rc1 Nf8 20.Qb1 Ng6 21.b4 Nd7 22.Na2 Qd8 23.Bg4 Nde5
24.a5 Nxg4 25.hxg4 Qd7 26.f3 b5 27.bxc5 Bxd5 28.Nb4 Ba8 29.c6 Qc8 30.Nd5 Bxc6
31.Nxe7+ Rxe7 32.Nb3 Qb7 33.Nd4 Bd7 34.Qc2 Ne5 35.Qc7 Be6 36.Qd8+ Kh7 37.Nxe6 fxe6
38.Rc8 Nc4 39.Qg8+ Kg6 40.Bd4 e5 41.Bf2 Qd7 42.Rd1 Rf7 43.Rd5 Qe7 44.Rxb5 axb5
45.a6 Nd2 46.a7 Qf6 47.Re8 Nxf3+ 48.gxf3 Qxf3 49.Re6+ Rf6 50.Rxf6+ Kxf6 51.Qc8 Qd1+
52.Kg2 Qxg4+  1-0

[Event "Corus"]
[Site "Wijk aan Zee NED"]
[Date "2002.01.27"]
[Round "13"]
[White "Piket,Je"]
[Black "Leko,P"]
[Result "1/2-1/2"]
[WhiteElo "2659"]
[BlackElo "2713"]

1.d4 Nf6 2.c4 e6 3.Nf3 b6 4.a3 Bb7 5.Nc3 d5 6.Bg5 Be7 7.e3 O-O 8.Rc1 Nbd7
9.cxd5 exd5 10.Bb5 c6 11.Bd3 c5 12.dxc5 bxc5 13.O-O Ne4 14.Bxe7 Qxe7 15.Qe2 Rab8
16.Rfd1 Ndf6 17.h3 Rfd8 18.Bxe4  1/2-1/2

[Event "Torneo A"]
[Site "Montecatini Terme ITA"]
[Date "2002.01.28"]
[Round "3"]
[White "Cebalo,M"]
[Black "Zaja,I"]
[Result "0-1"]
[WhiteElo "2492"]
[BlackElo "2453"]

1.d4 Nf6 2.c4 e6 3.Nf3 b6 4.a3 Ba6 5.Qc2 Bb7 6.Nc3 c5 7.e4 cxd4 8.Nxd4 Bc5
9.Nb3 Nc6 10.Bg5 Nd4 11.Nxd4 Bxd4 12.Bd3 Qb8 13.Ne2 Bc5 14.b4 Bd6 15.h3 a5
16.c5 Be5 17.Rb1 axb4 18.axb4 Ra3 19.Bxf6 Bxf6 20.O-O Qa8 21.Rfd1 O-O 22.f3 Rc8
23.Bb5 d5 24.exd5 Bxd5 25.Nf4 Ba2 26.Rb2 bxc5 27.Bd7 Rb8 28.b5 Qa4 29.Qxa4 Rxa4
30.Rbd2 Bd4+ 31.Kh1 Be3 32.b6 Bxd2 33.Rxd2 Rd4  0-1

[Event "Aeroflot Open"]
[Site "Moscow RUS"]
[Date "2002.02.07"]
[Round "4"]
[White "Bocharov,D"]
[Black "Moiseenko,A"]
[Result "0-1"]
[WhiteElo "2452"]
[BlackElo "2559"]

1.d4 Nf6 2.Nf3 e6 3.c4 b6 4.a3 Ba6 5.Qc2 c5 6.e4 cxd4 7.e5 Ng8 8.Nxd4 Ne7
9.Bf4 Nbc6 10.Nf3 Nf5 11.Nc3 Be7 12.O-O-O g5 13.g4 Nh6 14.Bg3 Nxg4 15.Qe4 h5
16.h4 Bb7 17.hxg5 Nd4 18.Qxd4 Bxf3 19.Be2 Bxg5+ 20.Kb1 Bxh1 21.Rxh1 f5 22.Nb5 Be7
23.f3 Nh6 24.Rxh5 Nf7 25.Rxh8+ Nxh8 26.Nd6+ Bxd6 27.exd6 Kf7 28.Bh4 Qf8 29.f4 Qg7
30.Bh5+ Ng6 31.Qg1 Qh6 32.Bxg6+ Qxg6 33.Qh1 Rb8 34.Bg5 Kg8 35.Ka2 Qh7 36.Qg2 Kf7
37.Qc2 a5 38.Qa4 Ke8 39.Qb5 Qh8 40.c5 Qd4 41.Qe2 bxc5 42.Qh5+ Kf8  0-1

[Event "10th Open"]
[Site "Valle d'Aosta ITA"]
[Date "2002.02.11"]
[Round "3"]
[White "Mirzoev,A"]
[Black "Epishin,V"]
[Result "1/2-1/2"]
[WhiteElo "2494"]
[BlackElo "2599"]

1.d4 Nf6 2.Nf3 e6 3.c4 b6 4.a3 Bb7 5.Nc3 d5 6.Bg5 Be7 7.e3 O-O 8.cxd5 exd5
9.Bd3 Nbd7 10.O-O c5 11.dxc5 bxc5 12.Rc1 h6 13.Bh4 a5 14.Bf5 Nb6 15.Na4 Ba6
16.Re1 Nxa4 17.Qxa4 Qb6 18.Qc2 Rfe8 19.Ne5 Rad8 20.Red1 Bb7 21.Bg3 Bf8 22.Rd3 Bd6
23.Nf3 Bxg3 24.hxg3 Bc8 25.Bxc8 Rxc8 26.Nd2 c4 27.Rd4 Rb8 28.Rb1 Rec8 29.Qc3 a4
30.e4 Nxe4 31.Nxe4 dxe4 32.Rxe4 Qb3 33.Rc1 Qa2 34.Rg4 g6 35.Qf6 Qxb2 36.Qxb2 Rxb2
37.Rgxc4 Ra8 38.Rc8+ Rxc8 39.Rxc8+ Kg7 40.Ra8 h5 41.Rxa4 Ra2 42.Ra6 g5 43.Kf1 f6
44.a4 Kg6 45.Ra5 Ra1+ 46.Ke2 Ra2+ 47.Ke3 Ra3+ 48.Ke4 Ra2 49.Ke3 Ra3+ 50.Ke4 Ra2
51.Ke3 Ra3+ 52.Ke4  1/2-1/2

[Event "Petrov Mem Open"]
[Site "St Petersburg RUS"]
[Date "2002.02.12"]
[Round "1"]
[White "Ayupov,D"]
[Black "Alekseev,E"]
[Result "0-1"]
[WhiteElo "2347"]
[BlackElo "2552"]

1.d4 Nf6 2.c4 e6 3.Nf3 b6 4.a3 Ba6 5.Qc2 Bb7 6.Nc3 c5 7.e4 cxd4 8.Nxd4 Bc5
9.Nb3 Nc6 10.Be2 Nd4 11.Nxd4 Bxd4 12.O-O O-O 13.Bd3 Bxc3 14.bxc3 Qc7 15.f4 d6
16.Kh1 Rac8 17.a4 Ba6 18.Ba3 Rfe8 19.Bxd6 Qxd6 20.e5 Qe7 21.exf6 Qxf6 22.Bxh7+ Kf8
23.Bd3 Bxc4 24.Rad1 g6 25.Kg1 Rc5 26.Bxc4 Rxc4 27.Rd7 Re7 28.Qd3 Rxd7 29.Qxc4 Kg7
30.g3 Rd5 31.Rf3 Qf5 32.Kg2 Qc2+ 33.Rf2 Qd1 34.Ra2 Rc5 35.Qe4 Qb3 36.Rd2 Qxc3
37.Rd7 Qb2+ 38.Kf3 Qxh2 39.Qd4+ e5 40.Rxf7+ Kh6 41.fxe5 Qh1+ 42.Ke3 Qe1+
43.Kd3 Qd1+ 44.Ke3 Qb3+  0-1

[Event "Petrov Mem Open"]
[Site "St Petersburg RUS"]
[Date "2002.02.14"]
[Round "3"]
[White "Bocharov,D"]
[Black "Rakitskaja,M"]
[Result "1-0"]
[WhiteElo "2452"]
[BlackElo "2154"]

1.d4 Nf6 2.Nf3 e6 3.c4 b6 4.a3 Bb7 5.Nc3 Be7 6.d5 d6 7.e4 Nbd7 8.Bd3 Nc5
9.Bc2 a5 10.O-O e5 11.Nd2 Bc8 12.Rb1 Bd7 13.b4 Nb7 14.f4 Ng4 15.Nf3 exf4
16.Bxf4 Bf6 17.Qd3 g5 18.Bg3 h5 19.e5 h4 20.exf6 hxg3 21.Rbe1+ Kf8 22.Nxg5 Nf2
23.Qxg3  1-0

[Event "Petrov Mem Open"]
[Site "St Petersburg RUS"]
[Date "2002.02.19"]
[Round "8"]
[White "Riazantsev,A"]
[Black "Aseev,K"]
[Result "1-0"]
[WhiteElo "2511"]
[BlackElo "2591"]

1.d4 Nf6 2.c4 e6 3.Nf3 b6 4.a3 Bb7 5.Nc3 d5 6.Bg5 Be7 7.Bxf6 Bxf6 8.cxd5 exd5
9.Qb3 O-O 10.Rd1 Qd7 11.g3 Rd8 12.Bg2 c5 13.O-O Na6 14.e3 Bc6 15.Rd2 Nc7
16.Qc2 Ne6 17.Rfd1 cxd4 18.exd4 Rac8 19.Qd3 Qd6 20.Re1 Re8 21.Rde2 Nc7 22.Ne5 Bb7
23.Re3 g6 24.Qd1 a6 25.Qf3 Kg7 26.h4 h5 27.Bh3 Rcd8 28.R3e2 Re7 29.Qf4 Ne6
30.Qd2 Rde8 31.f4 Kf8 32.Qd3 Bc8 33.Bg2 Bb7 34.Nb1 Ng7 35.Kh2 Nf5 36.Nd2 Bc8
37.Ndf3 Kg7 38.Rc1 Bb7 39.Bh3 Nh6 40.Ng5 Rf8 41.Rec2 Bxe5 42.fxe5 Qb8 43.Qf3 Ng8
44.Qf4 a5 45.Rc3 a4 46.R1c2 Kh8 47.Rf3 Kg7 48.Qf6+ Nxf6 49.exf6+ Kh8 50.fxe7 Re8
51.Rxf7 Qd6 52.Be6 Qxe6 53.Rf8+  1-0

[Event "Petrov Mem Open"]
[Site "St Petersburg RUS"]
[Date "2002.02.19"]
[Round "8"]
[White "Slavina,I"]
[Black "Zatonskih,A"]
[Result "1-0"]
[WhiteElo "2358"]
[BlackElo "2413"]

1.d4 e6 2.c4 Nf6 3.Nf3 b6 4.a3 c5 5.d5 Ba6 6.Qc2 exd5 7.cxd5 g6 8.Nc3 Bg7
9.g3 O-O 10.Bg2 d6 11.O-O Re8 12.Re1 Nbd7 13.Bf4 Qe7 14.e4 Ng4 15.Bg5 f6
16.Bf4 Nge5 17.Rad1 Nf7 18.b4 g5 19.Bc1 Nf8 20.Bh3 Bc8 21.Bf5 Ng6 22.h3 Bd7
23.Kg2 Rec8 24.b5 Nge5 25.Nxe5 fxe5 26.a4 Rc7 27.Bxd7 Rxd7 28.Qe2 Qf6 29.Be3 Re7
30.Ra1 Nh8 31.a5 Rb8 32.axb6 axb6 33.Ra6 Ng6 34.Qf3 Reb7 35.Qxf6 Bxf6 36.Na4 Ne7
37.Nb2 Nc8 38.Rea1 Kf7 39.Nc4 Kg6 40.Ra8 h6 41.Kf3 Be7 42.R8a6 Bf8 43.Ke2 Bg7
44.Kd3 Rf7 45.Ra8 Rfb7 46.Rxb8 Rxb8 47.Ra6 Kh5 48.f3 Kg6 49.f4 Bf6 50.fxe5 dxe5
51.Bd2 Rb7 52.Bc3 Na7 53.Nd6 c4+ 54.Kd2  1-0

[Event "9th Open Metalis"]
[Site "Bizovac CRO"]
[Date "2002.02.21"]
[Round "2"]
[White "Cebalo,M"]
[Black "Cajzler,H"]
[Result "1-0"]
[WhiteElo "2492"]
[BlackElo "2214"]

1.d4 Nf6 2.c4 e6 3.Nf3 b6 4.a3 Bb7 5.Nc3 d5 6.Bg5 Be7 7.e3 O-O 8.Rc1 Nbd7
9.cxd5 exd5 10.Bd3 Rc8 11.O-O Ne4 12.Bxe7 Nxc3 13.Rxc3 Qxe7 14.Qc2 Nf6 15.Bf5 Ne4
16.Bxc8 Rxc8 17.Rb3 Ba6 18.Rc1 Bc4 19.Ne5 Bxb3 20.Qxb3 Nf6 21.Nc6 Qd7 22.Nxa7 Ra8
23.Nc6 h5 24.h3 Re8 25.Ne5 Qd8 26.Rc6 Ne4 27.Qc2 Re7 28.a4 f6 29.Ng6 Rd7
30.Nf4 Qe7 31.f3 Ng3 32.Re6 Qf7 33.Qc6 Kh7 34.b4 h4 35.a5 bxa5 36.bxa5 Rd8
37.a6 Rb8 38.Qc2+ Kg8 39.a7 Ra8 40.Qc5 Ne2+ 41.Kf1 Nxf4 42.Re7 Qg6 43.exf4 Qb1+
44.Kf2 Qa2+ 45.Re2 Qxa7 46.Qxd5+ Kf8 47.f5 Qa5 48.Qe4 Qa4 49.Qxh4 Kg8 50.Qe4 Rd8
51.d5 Qa7+ 52.Kg3 Qb8 53.Qe6+ Kf8 54.Kg4 Rd6 55.Qe7+ Kg8 56.Kh5 Qf8 57.Kg6 Qxe7
58.Rxe7 Kf8 59.Rxc7 Rxd5 60.Rf7+ Ke8 61.Rxg7  1-0

[Event "FSGM March"]
[Site "Budapest HUN"]
[Date "2002.03.02"]
[Round "1"]
[White "Butnorius,A"]
[Black "Koneru,H"]
[Result "1-0"]
[WhiteElo "2449"]
[BlackElo "2539"]

1.Nf3 Nf6 2.c4 b6 3.d4 e6 4.a3 Bb7 5.Nc3 d5 6.Bg5 Be7 7.Qa4+ c6 8.cxd5 exd5
9.e3 O-O 10.Bd3 a5 11.O-O Nbd7 12.Ne5 b5 13.Qc2 h6 14.Bf4 Nxe5 15.Bxe5 Nd7
16.Bg3 Qb6 17.Rfd1 Rfe8 18.Rac1 Nf8 19.Qe2 Ba6 20.h3 Ne6 21.Be5 Qb7 22.Qg4 b4
23.Bxa6 Rxa6 24.axb4 axb4 25.Ne2 Bf8 26.Ng3 Qe7 27.h4 Kh7 28.Nf5 Qd7 29.Nxg7 Bxg7
30.Bxg7 Ra2 31.Be5 Rxb2 32.Qf5+ Kg8 33.Qf6 Kh7 34.Rxc6 Qe7 35.Qf5+ Kg8 36.Bf6 Qd7
37.Qg4+ Kh7 38.Rdc1 Rf8 39.Rc7 Qd6 40.Be5 Qd8 41.Qxe6 Rxf2 42.Kxf2 Qxh4+
43.Kg1  1-0

[Event "Jersey Open"]
[Site "St Helier JCI"]
[Date "2002.03.02"]
[Round "7"]
[White "Fraser,M"]
[Black "Arkell,K"]
[Result "0-1"]
[WhiteElo "2147"]
[BlackElo "2463"]

1.d4 Nf6 2.c4 e6 3.Nf3 b6 4.a3 Ba6 5.Qc2 c5 6.e4 cxd4 7.Nxd4 Bb7 8.Nc3 Nc6
9.Nxc6 Bxc6 10.Bf4 Nh5 11.Be3 Bc5 12.Bxc5 bxc5 13.g3 f5 14.Bg2 O-O 15.f4 fxe4
16.Bxe4 Bxe4 17.Nxe4 Qa5+ 18.Qc3 Qxc3+ 19.Nxc3 Kf7 20.O-O-O Ke7 21.Rhe1 g6
22.Nd5+ Kd8 23.Nc3 Ng7 24.Ne4 Rc8 25.Ng5 Ke7 26.Nxh7 Rh8 27.Ng5 Rxh2 28.Nf3 Rg2
29.Ne5 d6 30.Nxg6+ Kf6 31.Nh4 Rxg3 32.Rg1 Rxg1 33.Rxg1 Rh8 34.Rg4 a5 35.Kc2 Nf5
36.Nxf5 Kxf5 37.Rg2 Kxf4 38.Rd2 Ke5 39.Kb3 Rh4 40.Ka4 Rxc4+ 41.Kxa5 d5 42.b4 Rc3
43.Re2+ Kd4 44.Kb5 cxb4 45.axb4 e5 46.Kb6 e4 47.b5 e3 48.Kb7 Rb3 49.Kc6 Kd3
50.Rh2 e2 51.Rh1 Kd2  0-1